| 000 | 00736nam a22002297a 4500 | ||
|---|---|---|---|
| 999 |
_c2704 _d2704 |
||
| 003 | AR-CdUCM | ||
| 008 | 190305b ||||| |||| 00| 0 spa d | ||
| 040 |
_aMUNICIPALIDAD PROVINCIAL DEL CUSCO _cBIBLIOTECA MUNICIPAL DEL CUSCO |
||
| 082 |
_a818.5 / _bST79a |
||
| 100 |
_aSteinbeck, John _91846 |
||
| 245 | _aAtormentada tierra / | ||
| 260 |
_aBarcelona : _b Luis de Cabalt : _c1963. |
||
| 300 |
_a242 páginas ; _c20 cm. |
||
| 650 |
_aNarrativa norteamericana _92492 |
||
| 650 |
_aNovelas - EE.UU - Estados Unidos _99482 |
||
| 650 |
_aSiglo XX _98 |
||
| 650 |
_aJohn Steinbeck _99186 |
||
| 700 |
_aSiminovich, Máximo (Traductor) _99483 |
||
| 700 |
_aManfredi, Domingo (Traductor) _99484 |
||
| 942 |
_2ddc _cLIBROS |
||
| 945 | _alccs | ||